Word Ladder: Paul Revere's 'One' Quiz Stats

Quiz Updated Nov 3, 2015

Challenge
Share
Tweet
Embed
Score 0/48 Timer 05:00
6 Plays Today
Hint 4-Letter Word % Correct
To send a letterMAIL
96.6%
Goatee locationCHIN
96.6%
Bench or chairSEAT
96.2%
⚑ Wahlberg, Zuckerberg, or Twain ⚑MARK
96%
Large retail complexMALL
95.7%
Jackman, Laurie, or HefnerHUGH
95.2%
American automakerFORD
95.1%
Abel's slayerCAIN
94.9%
Beyond largeHUGE
94.7%
Animal fat for cookingLARD
94.6%
Medicinal tabletPILL
94.6%
Cavity in the groundHOLE
94.5%
⚑ To use all the space of a container ⚑FILL
94.5%
⚑ Under the influence of drugs ⚑HIGH
94.3%
⚑ Primary residence ⚑HOME
93.9%
Golfer's warningFORE
93.8%
Barley used in distillingMALT
93.8%
Fictional Chinese-American detective Charlie CHAN
93.8%
Vehicle drawn by a horseCART
93.7%
SongbirdLARK
93.6%
⚑ Master or ruler ⚑LORD
93.5%
Audible exhaleSIGH
93.4%
Document folderFILE
93.3%
Opinion surveyPOLL
93.3%
Hint 4-Letter Word % Correct
⚑ Bloody queen of England ⚑MARY
92.9%
Milk source in mammalsTEAT
92.8%
⚑ Most prominent or important ⚑MAIN
92.8%
⚑ Place for coal extraction ⚑MINE
92.5%
SegmentPART
92.4%
⚑ Sacred ⚑HOLY
91.9%
Internet web locationSITE
91.3%
Debonair actor GrantCARY
91.3%
Type of spiced tea with milkCHAI
91.1%
Tiny parasiteMITE
91.1%
⚑ Connector between two points ⚑LINE
90.6%
Dark lords of Star WarsSITH
90.6%
To shed feathers or furMOLT
89.9%
18th century philosopher DavidHUME
89.4%
ConflagrationFIRE
89.3%
Prefix meaning 'many'POLY
89.2%
Narrow rural roadLANE
88.7%
⚑ A people of southeast Asia ⚑THAI
88.5%
⚑ Ship's refuge ⚑PORT
87.9%
Pronoun and determinerTHAT
87.2%
Shoo a catSCAT
87.2%
'Beetle Bailey' creator WalkerMORT
85.2%
⚑ UK Highlander ⚑SCOT
83.9%
⚑⚑ COMMON BOND ⚑⚑LAND
55.7%

Today's Daily Dose

Missing Word
For Dummies Books

Word Ladder
Ariana Grande

Quick Pick
1970s Authors

On This Day
June 21st II

You're not logged in!

Compare scores with friends on all Sporcle quizzes.
Join for Free
OR
Log In

You Might Also Like...

Show Comments

Extras

Top Quizzes Today


Score Distribution

Your Account Isn't Verified!

In order to create a playlist on Sporcle, you need to verify the email address you used during registration. Go to your Sporcle Settings to finish the process.

Report this User

Report this user for behavior that violates our Community Guidelines.

Details: